000 00207 a2200097 4500
001 42103
100 _a
245 _aThe Year Book of World Affairs
260 _a
_bStevens & Sons
_c
090 _c26107
_d26107
942 _aNUST-CAE
_cM
_c17900
999 _c277176
_d277176